000 01574cam a2200421 i 4500
005 20260322212008.0
008 data
010 _a 2013003200
020 _a9781451654660 (hardcover)
020 _z9781451654707 (e-book)
020 _a9781451654684 (pbk.)
020 _a1451654685
040 _aDLC
_beng
_cDLC
_erda
_dDLC
042 _apcc
043 _anp-----
050 0 0 _aE99.O3
_bR3725 2013
082 0 0 _aB
_aB
_223
092 _a978 Dru 2013
100 1 _aDrury, Bob.
245 1 4 _aThe heart of everything that is :
_bthe untold story of Red Cloud, an American legend /
_cBob Drury.
250 _aFirst Simon & Schuster hardcover edition
260 _aNew York :
_bSimon and Schuster,
_c2013.
264 1 _aNew York :
_bSimon & Schuster,
_c2013.
300 _axii, 414 pages :
_billustrations, maps ;
_c24 cm
336 _atext
_2rdacontent
337 _aunmediated
_2rdamedia
338 _avolume
_2rdacarrier
504 _aIncludes bibliographical references (page 369-397) and index.
600 1 0 _aRed Cloud,
_d1822-1909.
650 0 _aOglala Indians
_xKings and rulers
_vBiography.
650 0 _aRed Cloud's War, 1866-1867.
650 0 _aOglala Indians
_xGovernment relations.
650 0 _aOglala Indians
_xHistory.
906 _a7
_bcbc
_corignew
_d1
_eecip
_f20
_gy-gencatlg
925 0 _aacquire
_b2 shelf copies
_xpolicy default
955 _ere12 2013-01-31 to Dewey
_wrd14 2013-01-31
_frk04 2013-12-31 CIP VER to CALM
_txg01 2014-04-01 copy 2 added
001 data
999 _c143
_d143